| 000 | 00426nam a22001817a 4500 | ||
|---|---|---|---|
| 003 | OSt | ||
| 005 | 20140310182826.0 | ||
| 008 | 130528t xxu||||| |||| 00| 0 eng d | ||
| 050 |
_aTS 261.8 _b.G981 2002 |
||
| 082 |
_aM 152.4 _bG96 2002 |
||
| 245 |
_aIs it Lust or Love? _cGuru, Jagad |
||
| 300 | _a35 p. | ||
| 521 | _acollege students | ||
| 526 | _c1210L-1700L | ||
| 541 | _j1 | ||
| 562 | _e1 | ||
| 942 |
_2lcc _cBK _kM |
||
| 999 |
_c16483 _d16483 |
||